| 000 | 00800nam a22002177a 4500 | ||
|---|---|---|---|
| 999 |
_c17996 _d17996 |
||
| 003 | AR-CdUCM | ||
| 008 | 190511b ||||| |||| 00| 0 spa d | ||
| 040 |
_aMUNICIPALIDAD PROVINCIAL DEL CUSCO _cBIBLIOTECA MUNICIPAL DEL CUSCO |
||
| 082 |
_a621.31 / _bS21 |
||
| 100 |
_aSandfort, John F. _938311 |
||
| 245 | _aMaquinas térmicas / | ||
| 260 |
_aArgentina : _bUniversitaria de Buenos Aires, _c1965. |
||
| 300 |
_a283 páginas ; _c19 cm. |
||
| 440 |
_aEudeba ciencia joven _938312 |
||
| 505 | _aContenido : Las primitivas maquinas térmicas -- El progreso de la maquina térmica desde Savery hasta Carnot -- Orígenes de la termodinámica ... | ||
| 650 |
_aTermodinámica _919746 |
||
| 650 |
_aMaquina _936972 |
||
| 650 |
_aTecnología _91571 |
||
| 942 |
_2ddc _cLIBROS |
||
| 945 |
_arah _d11/05/2019 |
||